000 00714nam a22002537a 4500
003 UA-OsUOA
001 58535
007 ta
008 20090216b un ||||| |||| 00| 0 ukr d
100 _aСитник К.М.
700 _aШмиговська В.В.
090 _a929: 001.061 (477)
_bС41
942 _cBK
040 _aUA-OsUOA
_bukr
_cUA-OsUOA
_dUA-OsUOA
245 _aВолодимир Вернадський і Академія
300 _a312 с.
955 _a4
041 _aukr
080 _a929: 001.061 (477)
020 _a966-00-0427-Х
260 _aК.
_bНаукова думка
_c2006
650 7 _a9 Географія. Біографії. Історія
_2UDC
999 _c344619
_d344619